| 000 | 00812nam a2200253 a 4500 | ||
|---|---|---|---|
| 001 | 000023013 | ||
| 005 | 20240507202000.0 | ||
| 008 | 101124s1988 sp d r 000 0 spa d | ||
| 020 | _a8420625396 | ||
| 040 |
_aDO-SdBNP _bspa _cBNPHU |
||
| 082 |
_a332.41 _bF917t |
||
| 100 | 1 |
_aFrisch, Helmut _947343 |
|
| 245 | 1 | 0 |
_aTeorías de la inflación / _cHelmut Frisch ; traducción Gonzalo Ceballos. |
| 260 |
_aMadrid : _bAlianza, _c1988. |
||
| 300 |
_a289 p. : _bdiag. ; _c20 cm. |
||
| 490 | 1 | _aAlianza universidad | |
| 500 | _aIncluye bibliografía p.[279-289]. | ||
| 500 | _aIncluye notas al pie de las páginas. | ||
| 650 | 0 |
_aInflación _9201 |
|
| 650 | 4 |
_aVelocidad de circulación de la moneda _947344 |
|
| 700 | 1 |
_aCeballos, Gonzalo, _etr. _947345 |
|
| 830 | 0 |
_aAlianza universidad _932127 |
|
| 049 | _aBNGR | ||
| 999 |
_c22510 _d22510 |
||